000 00356 a2200169 4500
001 48073
020 _a978-85-418-0787-6
040 _cAnchieta - Aquarius
100 _aBergame, Cécile
240 1 0 _aFuros
_lpor
245 1 0 _aFuros
300 _a29
362 0 _a2015
440 1 _aEdições SM
650 4 _aLiteratura infanto-juvenil
942 _cBK
999 _c48073
_d48073